MARC

LEADER 00000nam0a2200000 4500
001 377472
005 20231102012923.0
035 |a (RuTPU)RU\TPU\retro\34923 
035 |a RU\TPU\book\53459 
090 |a 377472 
100 |a 20230314d1980 km y0rusy50 ca 
101 1 |a rus  |c ger 
102 |a RU 
105 |a a z 000zy 
200 1 |a Электротехника кратко и наглядно  |e пер. с нем.  |f В. Конрад 
210 |a Ленинград  |c Энергия  |d 1980 
215 |a 207 с.  |c ил. 
454 1 |0 (RuTPU)RU\TPU\book\337226  |t Elektrotechnik kurz und einpragsam  |f W. Conrad  |g Gesellschaft zur verbreitung wissenschaftlicher kenntnisse  |c Leipzig  |n Veb Fachbuchverlag  |d 1965  |p 224 s.  |s Polytechnische Bibliothek  |a Conrad, Walter 
606 1 |a Электротехника занимательная  |2 stltpush  |3 (RuTPU)RU\TPU\subj\20905  |9 45966 
610 1 |a электротехника 
610 1 |a электрический ток 
610 1 |a работа 
610 1 |a мощность 
610 1 |a статическое электричество 
610 1 |a магнитные свойства 
610 1 |a индукция 
610 1 |a переменный ток 
610 1 |a генераторы 
610 1 |a трансформаторы 
610 1 |a двигатели 
610 1 |a энергоснабжение 
675 |a 621.3  |v 3 
700 1 |a Конрад  |b В.  |g Вальтер 
801 1 |a RU  |b 63413507  |c 20030424  |g PSBO 
801 2 |a RU  |b 63413507  |c 20230314  |g PSBO 
942 |c BK